| 000 | 00545nam a2200193 4500 | ||
|---|---|---|---|
| 001 | vtls001676371 | ||
| 003 | NLI | ||
| 005 | 20210628150330.0 | ||
| 008 | 130213 00 eng | ||
| 039 | 9 |
_a201306102050 _bezajulh _y201302131932 _zaruncp |
|
| 100 | 1 |
_aPatil, H. G. _91105704 |
|
| 245 | 1 | 0 | _aManagement informatiion system and computer applicatiion |
| 260 | _c2012 | ||
| 887 | _a | ||
| 901 |
_aDB137675 : _b15.02.13 |
||
| 903 | _aarun | ||
| 999 |
_aVIRTUA4 _c1122995 _d1122995 |
||
| 942 |
_2ddc _cBKS |
||
| 999 | _aVTLSSORT0080*1000*2450*2600*9010*9030*9992 | ||